[Event "Chigorin Memorial Open"]
[Site "St Petersburg RUS"]
[Date "2011.10.17"]
[Round "4.49"]
[White "Goikhman, Valentin"]
[Black "Chekhov, Sergei"]
[Result "1/2-1/2"]
[BlackTitle "FM"]
[WhiteElo "2261"]
[BlackElo "2414"]
[WhiteFideId "2806800"]
[BlackFideId "4195639"]
[EventDate "2011.10.14"]

1. e4 c5 2. Nf3 e6 3. d4 cxd4 4. Nxd4 a6 5. Bd3 Bc5 6. Nb3 Ba7 7. Qe2 d6 8. Be3
Nc6 9. N1d2 Bxe3 10. Qxe3 Nf6 11. O-O O-O 12. Rad1 Qc7 13. f4 b5 14. h3 Bb7 15.
Nf3 Rac8 16. c3 Nd7 17. Nbd4 Na5 18. Rfe1 Qb6 19. e5 dxe5 20. fxe5 Nc4 21. Bxc4
Rxc4 22. Nf5 exf5 23. Rxd7 Qc6 24. Red1 f4 25. Qa7 Bc8 26. Rd8 Qc5+ 27. Qxc5
Rxc5 28. R8d4 f6 29. Rxf4 fxe5 30. Rxf8+ Kxf8 31. Re1 Rd5 32. Rxe5 Rd1+ 33. Kf2
Bb7 34. Nd4 b4 35. Ne6+ Kf7 36. cxb4 Rd2+ 37. Ke3 Rxg2 38. Nc5 Bc8 39. Nd3 Rg3+
40. Kd4 Bxh3 41. Nc5 Rg4+ 42. Kc3 Rg3+ 43. Kd4 Rg4+ 44. Kc3 Rg3+ 45. Kd4 1/2-1/2

[Event "Chigorin Memorial Open"]
[Site "St Petersburg RUS"]
[Date "2011.10.17"]
[Round "4.51"]
[White "Tunik, Gennady"]
[Black "Shurunov, Arseny"]
[Result "0-1"]
[WhiteTitle "GM"]
[BlackTitle "FM"]
[WhiteElo "2412"]
[BlackElo "2219"]
[WhiteFideId "4101219"]
[BlackFideId "24111570"]
[EventDate "2011.10.14"]

1. d4 Nf6 2. c4 c5 3. d5 e6 4. Nc3 exd5 5. cxd5 d6 6. e4 g6 7. h3 Bg7 8. Nf3 O-O
9. Bd3 Re8 10. O-O a6 11. Re1 Nbd7 12. Bf4 Qc7 13. Qd2 Nh5 14. Bh2 c4 15. Bc2 b5
16. a3 Qb6 17. Rad1 Bb7 18. g4 Nhf6 19. Bf4 Nc5 20. Be3 Nfd7 21. Bd4 Ne5 22.
Nxe5 dxe5 23. Be3 Qd6 24. Ne2 a5 25. Ng3 Nd7 26. Rc1 Rec8 27. Bd1 Nc5 28. Bc2
Nd7 29. Bd1 Bf8 30. Be2 Nc5 31. Rc3 Nb3 32. Qd1 Ba6 33. Bf1 b4 34. axb4 axb4 35.
Rc2 Bb5 36. Qf3 Bg7 37. g5 Nd4 38. Bxd4 exd4 39. e5 Bxe5 40. Ne4 Qd8 41. b3 d3
42. Rxc4 Bxc4 43. bxc4 Rxc4 44. Bxd3 Rd4 45. Bb5 Ra3 46. Qg2 Kg7 47. Bc6 Rxd5
48. Bxd5 Qxd5 49. Qg4 Qd4 50. Kg2 Rd3 51. Rc1 Qd7 52. Qh4 Qf5 53. Kg1 Rxh3 0-1

[Event "Chigorin Memorial Open"]
[Site "St Petersburg RUS"]
[Date "2011.10.17"]
[Round "4.52"]
[White "Prikhodko, Anton"]
[Black "Antipov, Mikhail Al."]
[Result "0-1"]
[BlackTitle "IM"]
[WhiteElo "2214"]
[BlackElo "2412"]
[WhiteFideId "24115150"]
[BlackFideId "4107012"]
[EventDate "2011.10.14"]

1. e4 c5 2. Nf3 d6 3. d4 cxd4 4. Nxd4 Nf6 5. Nc3 a6 6. f4 e5 7. Nf3 Nbd7 8. Bd3
Be7 9. O-O O-O 10. a4 b6 11. Qe2 Bb7 12. Nh4 g6 13. Nf3 Re8 14. fxe5 Nxe5 15.
Nxe5 dxe5 16. Bg5 Nh5 17. Qf3 Bc5+ 18. Be3 Bxe3+ 19. Qxe3 Qc7 20. Ne2 Rad8 21.
b3 Ng7 22. Bc4 Re7 23. Rf6 Rd6 24. Raf1 Rxf6 25. Rxf6 b5 26. axb5 axb5 27. Bxb5
Qxc2 28. Qd3 Qc5+ 29. Rf2 Ne6 30. Bc4 Bc6 31. Qc3 Rd7 32. Qc1 Bb5 33. Bxb5 Qxb5
34. Nc3 Qc5 35. b4 Qc4 36. Qe3 Nf4 37. Nd5 Nxd5 38. exd5 Rxd5 39. h3 Qxb4 40.
Qa7 Qf8 41. Qb7 Rd8 42. Qc7 Re8 43. Re2 Qe7 44. Qc4 Qe6 45. Qb5 h5 46. Re4 Kg7
47. Kh2 Re7 48. Qc5 f5 49. Rb4 e4 50. Rb5 e3 51. Qc3+ Qf6 52. Qe1 e2 53. Rb1 h4
54. Rc1 Qe5+ 55. Kh1 Qg3 56. Kg1 Qe3+ 0-1

[Event "Chigorin Memorial Open"]
[Site "St Petersburg RUS"]
[Date "2011.10.17"]
[Round "4.53"]
[White "Ivanov, Rostislav"]
[Black "Kanter, Eduard"]
[Result "0-1"]
[WhiteTitle "FM"]
[BlackTitle "IM"]
[WhiteElo "2202"]
[BlackElo "2406"]
[WhiteFideId "4160495"]
[BlackFideId "4103963"]
[EventDate "2011.10.14"]

1. e4 c5 2. Nf3 d6 3. d4 cxd4 4. Nxd4 Nf6 5. Nc3 g6 6. Be3 Bg7 7. f3 O-O 8. Qd2
Nc6 9. Bc4 Bd7 10. Bb3 Rc8 11. h4 h5 12. O-O-O Ne5 13. Bg5 Rc5 14. Rhe1 Qa5 15.
Kb1 Re8 16. Bxf6 Bxf6 17. Nd5 Bxh4 18. Rh1 Qxd2 19. Rxd2 Bg5 20. f4 Bh6 21. Rf2
Ng4 22. Rff1 e6 23. Nc3 Bg7 24. Nde2 b5 25. a3 a5 26. Rf3 b4 27. axb4 axb4 28.
Na2 Bc6 29. Ng3 Rb8 30. Re1 Nf6 31. Rd3 0-1

[Event "Chigorin Memorial Open"]
[Site "St Petersburg RUS"]
[Date "2011.10.17"]
[Round "4.54"]
[White "Pimenov, Revolt"]
[Black "Hayrapetian, Ovik"]
[Result "1-0"]
[BlackTitle "IM"]
[WhiteElo "2179"]
[BlackElo "2398"]
[WhiteFideId "4146590"]
[BlackFideId "13302639"]
[EventDate "2011.10.14"]

1. Nf3 Nf6 2. d4 d5 3. c4 dxc4 4. Nc3 a6 5. a4 Nc6 6. a5 e6 7. g3 Bb4 8. Bg2 O-O
9. O-O Nxa5 10. Ra4 Bxc3 11. bxc3 Nc6 12. Rxc4 Qe7 13. Ne5 Nxe5 14. dxe5 Nd5 15.
Rh4 Qc5 16. e4 Ne7 17. Qh5 f5 18. Qxh7+ Kf7 19. Bf3 Rg8 20. Bh5+ Kf8 21. Rd1 Bd7
22. Rxd7 Qb5 23. Rd1 Qxe5 24. exf5 exf5 25. Rhd4 1-0

[Event "Chigorin Memorial Open"]
[Site "St Petersburg RUS"]
[Date "2011.10.17"]
[Round "4.55"]
[White "Pankov, German"]
[Black "Zizlova, Sofia"]
[Result "1-0"]
[WhiteTitle "FM"]
[WhiteElo "2392"]
[BlackElo "2199"]
[WhiteFideId "4174569"]
[BlackFideId "4123476"]
[EventDate "2011.10.14"]

1. c4 c5 2. Nc3 Nc6 3. g3 g6 4. Bg2 Bg7 5. a3 a5 6. e3 e5 7. Nge2 Nge7 8. O-O
O-O 9. Nd5 d6 10. Nec3 Nxd5 11. Bxd5 Be6 12. Rb1 Qd7 13. d3 f5 14. Bd2 Bxd5 15.
Nxd5 Rab8 16. Qa4 Qf7 17. f4 exf4 18. gxf4 b5 19. Qc2 b4 20. a4 Rbe8 21. Rbe1
Kh8 22. Bc1 Re6 23. Re2 Rfe8 24. Rg2 Qd7 25. b3 Ne7 26. Qf2 Nxd5 27. cxd5 R6e7
28. Qf3 Bf6 29. h4 Rxe3 30. Bxe3 Rxe3 31. Qxe3 Bd4 32. Qxd4+ cxd4 33. h5 Qf7 34.
Re1 Kg7 35. hxg6 hxg6 36. Re6 Kh7 37. Rge2 Kg8 38. Re7 1-0

[Event "Chigorin Memorial Open"]
[Site "St Petersburg RUS"]
[Date "2011.10.17"]
[Round "4.56"]
[White "Tkachev, Ivan"]
[Black "Girya, Olga"]
[Result "0-1"]
[BlackTitle "WGM"]
[WhiteElo "2074"]
[BlackElo "2390"]
[WhiteFideId "4186885"]
[BlackFideId "4195752"]
[EventDate "2011.10.14"]

1. e4 c6 2. d4 d5 3. e5 Bf5 4. h4 h6 5. c4 e6 6. Nc3 Bb4 7. Qb3 a5 8. cxd5 Qxd5
9. Qxd5 exd5 10. f3 h5 11. Nh3 Nd7 12. Nf4 f6 13. exf6 Ngxf6 14. Bd2 O-O 15.
O-O-O Nb6 16. Bd3 Bxd3 17. Nxd3 Nc4 18. Rde1 Nd7 19. Bg5 Rfe8 20. Rxe8+ Rxe8 21.
Re1 Rxe1+ 22. Nxe1 Nf8 23. Nc2 Ne6 24. Bd2 Be7 25. g3 Bf6 26. Ne2 b6 27. Bf4 c5
28. b3 cxd4 29. Ne1 Ne3 30. Nd3 Nf5 31. Kd2 Kf7 32. Ne5+ Ke7 33. Nc6+ Kd7 34.
Ne5+ Kd6 35. Nc4+ Kc5 36. Ne5 Nxf4 37. gxf4 Bxh4 38. Nd7+ Kc6 39. Ne5+ Kd6 40.
Kd3 Ke6 41. Nc6 Bf2 42. Ne5 Be3 43. Ng6 h4 44. Nf8+ Kd6 0-1

[Event "Chigorin Memorial Open"]
[Site "St Petersburg RUS"]
[Date "2011.10.17"]
[Round "4.57"]
[White "Tilicheev, Viacheslav"]
[Black "Kharchenko, Daniil"]
[Result "1-0"]
[WhiteTitle "FM"]
[WhiteElo "2389"]
[BlackElo "2016"]
[WhiteFideId "24114928"]
[BlackFideId "24101664"]
[EventDate "2011.10.14"]

1. d4 d5 2. c4 c6 3. Nf3 Nf6 4. Nc3 a6 5. a4 Nbd7 6. g3 g6 7. Bg2 Bg7 8. O-O O-O
9. cxd5 cxd5 10. b3 b6 11. Ba3 Bb7 12. Rc1 Rc8 13. Nd2 Nb8 14. Nc4 Re8 15. a5
bxa5 16. Na4 Nbd7 17. Qd2 dxc4 18. Bxb7 Rb8 19. Bxa6 cxb3 20. Bc4 Ne5 21. Ba6
Ned7 22. Qd3 Nd5 23. Bc4 N7b6 24. Bxb3 Nb4 25. Qf3 Rf8 26. e3 Nxa4 27. Bxa4 Qb6
28. Qe4 Qa7 29. Rc5 Rfc8 30. Rfc1 Rxc5 31. Rxc5 e6 32. h4 Bf8 33. Rc1 h5 34. Bb3
Qd7 35. Qe5 Qe8 36. Bxb4 Rxb4 37. Ba2 a4 38. d5 Bg7 39. Qd6 Bf8 40. Qa6 exd5 41.
Bxd5 Kh8 42. Rc7 Qd8 43. Rxf7 Qd6 44. Qa7 1-0

[Event "Chigorin Memorial Open"]
[Site "St Petersburg RUS"]
[Date "2011.10.17"]
[Round "4.58"]
[White "Matlakov, Maxim"]
[Black "Vunder, Andrey"]
[Result "1-0"]
[WhiteTitle "GM"]
[WhiteElo "2630"]
[BlackElo "2282"]
[WhiteFideId "4168003"]
[BlackFideId "4128338"]
[EventDate "2011.10.14"]

1. e4 c6 2. d4 d5 3. e5 Bf5 4. h4 h6 5. g4 Bd7 6. h5 e6 7. f4 c5 8. c3 Qb6 9.
Nf3 Nc6 10. Rh2 O-O-O 11. Be3 Kb8 12. a3 c4 13. Nbd2 Na5 14. Rb1 Rc8 15. Nh4 Ne7
16. Bh3 g6 17. hxg6 fxg6 18. f5 exf5 19. gxf5 Nxf5 20. Nxf5 Bxf5 21. Bxf5 gxf5
22. Qf3 Qe6 23. Rh5 Be7 24. Qxf5 Qg8 25. Ke2 Qg2+ 26. Qf2 Qg6 27. Qf5 Qg2+ 28.
Qf2 Qg6 29. Rf5 Rhf8 30. Rf1 Qb6 31. Rxf8 Bxf8 32. Qg3 Nb3 33. Rf6 Nc1+ 34. Kd1
Qxb2 35. e6+ Ka8 36. Qc7 Re8 37. e7 1-0

[Event "Chigorin Memorial Open"]
[Site "St Petersburg RUS"]
[Date "2011.10.17"]
[Round "4.59"]
[White "Tsydypov, Zhamsaran"]
[Black "Savchenko, Boris"]
[Result "1-0"]
[BlackTitle "GM"]
[WhiteElo "2288"]
[BlackElo "2630"]
[WhiteFideId "4108566"]
[BlackFideId "4147332"]
[EventDate "2011.10.14"]

1. e4 Nf6 2. e5 Nd5 3. c4 Nb6 4. d4 d6 5. exd6 exd6 6. Nc3 Be7 7. Be3 Nc6 8. Qf3
O-O 9. O-O-O Be6 10. c5 Nc4 11. Nh3 Nxe3 12. fxe3 Qc8 13. Nf2 dxc5 14. d5 Ne5
15. Qg3 Bd6 16. dxe6 Nd3+ 17. Bxd3 Bxg3 18. hxg3 h6 19. exf7+ Kxf7 20. Bc4+ Kg6
21. Nd3 Kh7 22. Nf4 Qg4 23. Ncd5 Rae8 24. Bd3+ Kg8 25. Ng6 Rf7 26. Rhf1 c4 27.
Bc2 Qd7 28. Nde7+ Rexe7 29. Rxf7 Rxf7 30. Rxd7 Rxd7 31. Be4 b5 32. Bd5+ 1-0

[Event "Chigorin Memorial Open"]
[Site "St Petersburg RUS"]
[Date "2011.10.17"]
[Round "4.60"]
[White "Al-Sayed, Mohammed"]
[Black "Turikov, Viktor"]
[Result "1-0"]
[WhiteTitle "GM"]
[BlackTitle "FM"]
[WhiteElo "2519"]
[BlackElo "2279"]
[WhiteFideId "12100196"]
[BlackFideId "4107810"]
[EventDate "2011.10.14"]

1. d4 e6 2. e4 b6 3. Nf3 Bb7 4. Bd3 Nf6 5. Qe2 d6 6. O-O Be7 7. Rd1 a6 8. e5
Nfd7 9. c4 d5 10. cxd5 Bxd5 11. Nc3 c6 12. Bf4 h6 13. Rac1 b5 14. Nd2 Nb6 15.
Nde4 N8d7 16. Nxd5 cxd5 17. Nd6+ Bxd6 18. exd6 O-O 19. Bb1 Nf6 20. Rc3 Nc4 21.
Rg3 Kh8 22. Be5 Rg8 23. Rh3 Nxe5 24. dxe5 Nd7 25. Qe3 g5 26. Rxh6+ Kg7 27. Rh7+
Kf8 28. Re1 Rc8 29. h4 Rc4 30. g3 gxh4 31. Qh6+ Ke8 32. Qh5 Rf4 33. Rh8 Rg4 34.
Bf5 Qa5 35. Rc1 Nxe5 36. Bxg4 1-0

[Event "Chigorin Memorial Open"]
[Site "St Petersburg RUS"]
[Date "2011.10.17"]
[Round "4.61"]
[White "Airapetian, Gor"]
[Black "Valov, Ilya"]
[Result "1-0"]
[WhiteTitle "IM"]
[BlackTitle "FM"]
[WhiteElo "2463"]
[BlackElo "2234"]
[WhiteFideId "4177916"]
[BlackFideId "4199251"]
[EventDate "2011.10.14"]

1. d4 Nf6 2. Nf3 e6 3. c4 b6 4. a3 Bb7 5. Nc3 d5 6. cxd5 Nxd5 7. Qc2 Nxc3 8.
bxc3 Be7 9. e4 c5 10. Bb5+ Bc6 11. Bd3 Nd7 12. O-O cxd4 13. cxd4 Rc8 14. Qe2 Bb7
15. Bb2 O-O 16. Rad1 Qc7 17. Nd2 e5 18. Rc1 Qb8 19. Bb5 Rfd8 20. Rxc8 Qxc8 21.
Rc1 Qb8 22. Bxd7 Rxd7 23. dxe5 Bg5 24. Rc2 Bxd2 25. Rxd2 Qd8 26. Rxd7 Qxd7 27.
h3 h6 28. Kh2 Qc6 29. f3 Bc8 30. Qd3 Be6 31. f4 Qd7 32. Qg3 Kh7 33. f5 Bc4 34.
Bc1 Qd3 35. Qh4 Qc2 36. Be3 Bf1 37. Bf2 Qd2 38. Qg3 Qg5 39. Qf3 Qd2 40. e6 Bc4
41. exf7 Bxf7 42. Qg3 Qc2 43. Bd4 1-0

[Event "Chigorin Memorial Open"]
[Site "St Petersburg RUS"]
[Date "2011.10.17"]
[Round "4.62"]
[White "Nozdrachev, Vladislav"]
[Black "Zakharchenko, Arnold"]
[Result "1-0"]
[WhiteTitle "FM"]
[BlackTitle "IM"]
[WhiteElo "2463"]
[BlackElo "2225"]
[WhiteFideId "24113441"]
[BlackFideId "14103745"]
[EventDate "2011.10.14"]

1. e4 c6 2. d4 d5 3. Nc3 dxe4 4. Nxe4 Bf5 5. Nc5 Nd7 6. Bd3 Bxd3 7. Nxd3 g6 8.
Nf3 Bg7 9. O-O Ngf6 10. a4 O-O 11. c4 Re8 12. Bf4 Nh5 13. Be3 Qc7 14. Qb3 e6 15.
a5 Bf8 16. Rfd1 c5 17. Nxc5 Nxc5 18. dxc5 Bxc5 19. Bxc5 Qxc5 20. Qxb7 Rab8 21.
Qd7 Nf6 22. Qd4 Qxd4 23. Nxd4 Rxb2 24. a6 Rc8 25. Rdc1 Ne8 26. Nb5 1-0

[Event "Chigorin Memorial Open"]
[Site "St Petersburg RUS"]
[Date "2011.10.17"]
[Round "4.64"]
[White "Bukhteeva, Viktoria"]
[Black "Ajrapetian, Gevorg"]
[Result "0-1"]
[WhiteTitle "WFM"]
[BlackTitle "IM"]
[WhiteElo "2178"]
[BlackElo "2420"]
[WhiteFideId "4192907"]
[BlackFideId "4174232"]
[EventDate "2011.10.14"]

1. e4 c5 2. Nf3 e6 3. c4 Nc6 4. Nc3 a6 5. Be2 e5 6. O-O Nge7 7. Nd5 d6 8. d3 Ng6
9. Ne1 Be7 10. Nc2 O-O 11. Nce3 Nd4 12. Bg4 Bg5 13. Bxc8 Rxc8 14. Qg4 Nf4 15.
Nxf4 exf4 16. Nf5 h5 17. Qd1 Ne6 18. h4 Bxh4 19. g3 Bg5 20. gxf4 Nxf4 21. Bxf4
Bxf4 22. Qxh5 Rc6 23. Kg2 g6 24. Qg4 Qg5 25. Ne7+ Qxe7 26. Qxf4 f5 27. Qh6 Qg7
28. Qxg7+ Kxg7 29. exf5 Rxf5 30. Rfe1 Rc7 31. Re6 Rd7 32. Rf1 Rg5+ 33. Kh2 Kf8
34. Re3 d5 35. f4 d4 36. Ref3 Rf5 37. Kg3 Re7 38. Kg4 Kg7 39. R1f2 b5 40. b3 b4
41. Rh2 Re1 42. Rg2 Kf6 43. Kh3 Rh5+ 44. Kg4 Rhh1 45. Rfg3 Rhf1 46. Kh3 Kf5 47.
Rg5+ Kxf4 48. R2g4+ Ke3 49. Rg3+ Kd2 50. Rxc5 Re3 51. Rd5 Kxd3 52. Rxe3+ Kxe3
53. Re5+ Kd2 54. c5 Rf6 55. Rd5 d3 56. Rd6 Rf5 57. c6 Rc5 0-1

[Event "Chigorin Memorial Open"]
[Site "St Petersburg RUS"]
[Date "2011.10.17"]
[Round "4.65"]
[White "Ziatdinov, Raset"]
[Black "Nikitinyh, Boris"]
[Result "1/2-1/2"]
[WhiteTitle "GM"]
[WhiteElo "2415"]
[BlackElo "2203"]
[WhiteFideId "2015323"]
[BlackFideId "4198328"]
[EventDate "2011.10.14"]

1. e4 c6 2. d4 d5 3. Nc3 dxe4 4. Nxe4 Bf5 5. Ng3 Bg6 6. Nf3 Nd7 7. h4 h6 8. h5
Bh7 9. Bd3 Bxd3 10. Qxd3 e6 11. Bf4 Ngf6 12. O-O-O Be7 13. Kb1 Qb6 14. Ne5 Nxe5
15. Bxe5 Ng4 16. Ne4 Nxe5 17. dxe5 O-O 18. Qg3 Rfd8 19. Nd6 Rd7 20. Rd3 Bxd6 21.
Rxd6 Rxd6 22. exd6 Qd4 23. Kc1 Rd8 24. Rd1 Qc5 25. Rd2 Rd7 26. Qh2 Qc4 27. b3
Qc3 28. Kd1 Qc5 29. c4 Qf5 30. f3 c5 31. Ke2 e5 32. Qh4 f6 33. b4 b6 34. bxc5
bxc5 35. Qe4 Qxe4+ 36. fxe4 Kf7 37. Rd5 Ke6 38. Rxc5 Kxd6 39. Rd5+ Kc6 40. Kf3
Rb7 41. Ra5 Rc7 42. a4 a6 43. Rxa6+ Kc5 44. a5 Kxc4 45. Rb6 Kc5 46. Kg4 Ra7 47.
Kf5 Rxa5 48. Rb7 Ra2 49. Rxg7 Rf2+ 50. Kg6 Rxg2+ 51. Kxh6 Rh2 52. Rd7 Rh4 53.
Kg6 Rxe4 54. h6 Rh4 55. h7 e4 56. Kxf6 e3 57. Kg7 Kc4 1/2-1/2

[Event "Chigorin Memorial Open"]
[Site "St Petersburg RUS"]
[Date "2011.10.17"]
[Round "4.66"]
[White "Arslanov, Shamil"]
[Black "Paravyan, David"]
[Result "1-0"]
[WhiteTitle "IM"]
[WhiteElo "2413"]
[BlackElo "2192"]
[WhiteFideId "4192826"]
[BlackFideId "4194985"]
[EventDate "2011.10.14"]

1. e4 e5 2. Nf3 Nc6 3. Bb5 Nf6 4. O-O Nxe4 5. d4 Nd6 6. Bxc6 dxc6 7. dxe5 Nf5 8.
Qxd8+ Kxd8 9. Nc3 h6 10. Rd1+ Ke8 11. b3 Ne7 12. h3 Bd7 13. Bb2 c5 14. Rd2 b6
15. Ne4 Nc6 16. c4 Be6 17. Nc3 Rd8 18. Nd5 Rd7 19. Rad1 Be7 20. Nh2 Kd8 21. f4
Bxd5 22. Rxd5 Nd4 23. Rxd7+ Kxd7 24. Nf3 g6 25. Kf1 h5 26. Bxd4 cxd4 27. Nxd4 a5
28. a4 Bc5 29. Nf3+ Ke7 30. Ke2 c6 31. Ng5 Rb8 32. Ne4 Bb4 33. Nf6 Rb7 34. Kf3
Ba3 35. g4 hxg4+ 36. hxg4 b5 37. axb5 cxb5 38. Nd5+ Kf8 39. Ra1 bxc4 40. Rxa3
cxb3 41. Rxa5 1-0

[Event "Chigorin Memorial Open"]
[Site "St Petersburg RUS"]
[Date "2011.10.17"]
[Round "4.67"]
[White "Ovod, Evgenija"]
[Black "Balaian, Alina"]
[Result "0-1"]
[WhiteTitle "IM"]
[WhiteElo "2408"]
[BlackElo "2188"]
[WhiteFideId "4131827"]
[BlackFideId "24115347"]
[EventDate "2011.10.14"]

1. d4 Nf6 2. c4 g6 3. Nc3 Bg7 4. e4 d6 5. h3 O-O 6. Nf3 e5 7. d5 Na6 8. Be3 Nc5
9. Nd2 a5 10. g4 Bd7 11. Be2 c6 12. h4 Qc8 13. g5 Ne8 14. h5 Qd8 15. Nb3 Na6 16.
Bg4 f5 17. gxf6 Nxf6 18. Bxd7 Qxd7 19. hxg6 hxg6 20. Rg1 Kf7 21. Nxa5 Nb4 22.
Nb3 cxd5 23. cxd5 Qh3 24. a3 Na6 25. Rg3 Qd7 26. Qf3 Rh8 27. Kd2 Bh6 28. Rag1
Rag8 29. Qg2 Bxe3+ 30. Kxe3 Rh6 31. Rf3 Kg7 32. Qg5 Rf8 33. Ke2 Nc7 34. Qd2 Nxe4
35. Nxe4 Rxf3 36. Qg5 Rf5 37. Qg4 Nxd5 38. Nxd6 Nf4+ 39. Ke1 Nd3+ 40. Ke2 Rxf2+
41. Kxd3 Rh3+ 42. Kc4 Rf4+ 43. Qxf4 exf4 44. Nd4 Rg3 45. Rd1 Qa4+ 0-1

[Event "Chigorin Memorial Open"]
[Site "St Petersburg RUS"]
[Date "2011.10.17"]
[Round "4.68"]
[White "Ponfilenok, Vladimir"]
[Black "Butuc, Maria"]
[Result "1/2-1/2"]
[BlackTitle "WIM"]
[WhiteElo "2402"]
[BlackElo "2183"]
[WhiteFideId "24113522"]
[BlackFideId "13902911"]
[EventDate "2011.10.14"]

1. d4 d5 2. Nf3 Nf6 3. c4 c6 4. e3 Bf5 5. Nc3 e6 6. Nh4 Bg6 7. Nxg6 hxg6 8. g3
Nbd7 9. a3 Bd6 10. b3 e5 11. Bg2 e4 12. Bd2 O-O 13. O-O a6 14. f3 Qe7 15. fxe4
Nxe4 16. Nxe4 dxe4 17. a4 a5 18. Qe1 b6 19. Bc3 Bb4 20. Bxb4 axb4 21. g4 g5 22.
Qg3 g6 23. Rf2 Kg7 24. Raf1 Rac8 25. Ra1 Ra8 26. h3 Rh8 27. Raf1 f6 28. Rd1 Rad8
29. Ra1 Ra8 30. Rfa2 Ra5 31. Qc7 Qe6 32. Rd2 Kh6 33. Rad1 Re8 34. d5 cxd5 35.
cxd5 Qe7 36. Rd4 Rc5 37. Qg3 Rc3 38. Rxe4 Qf8 39. h4 gxh4 40. Qxh4+ Kg7 41. g5
fxg5 42. Qxg5 Rxe4 43. Bxe4 Qd6 44. Rd2 Qf6 45. Qxf6+ Kxf6 46. Rd3 Nc5 47. Rd4
Rxb3 48. d6 Rxe3 49. d7 Nxd7 50. Rxb4 Rc3 51. Kf2 g5 52. Bf3 Ke5 1/2-1/2

[Event "Chigorin Memorial Open"]
[Site "St Petersburg RUS"]
[Date "2011.10.17"]
[Round "4.69"]
[White "Solovjov, Sergey I."]
[Black "Basencyan, Mark"]
[Result "1/2-1/2"]
[WhiteTitle "IM"]
[WhiteElo "2398"]
[BlackElo "2135"]
[WhiteFideId "4122780"]
[BlackFideId "13300725"]
[EventDate "2011.10.14"]

1. e4 e5 2. Nf3 Nc6 3. Bb5 a6 4. Ba4 Nf6 5. O-O Be7 6. Re1 b5 7. Bb3 d6 8. c3
O-O 9. h3 Na5 10. Bc2 c5 11. d4 cxd4 12. cxd4 Qc7 13. Nbd2 Nc6 14. Nb3 a5 15.
Be3 a4 16. Nbd2 Bd7 17. Rc1 Qb8 18. Qe2 Bd8 19. Nf1 Na5 20. dxe5 dxe5 21. Bc5
Re8 22. Ne3 Bb6 23. Bd3 Bxc5 24. Rxc5 Nb7 25. Rc3 Nd6 26. Qc2 Ra7 27. Nd5 b4 28.
Rc5 b3 29. axb3 axb3 30. Nxf6+ gxf6 31. Qd2 Kg7 32. Nh2 h6 33. Bf1 Be6 34. Rc3
Ra4 35. Rg3+ Kh7 36. Ng4 Bxg4 37. Rxg4 Qb4 38. Qe3 Rg8 39. Rxg8 Kxg8 40. Qg3+
Kf8 41. Rd1 Qb6 42. Rd3 Ra1 43. Rxb3 Qa6 44. Rd3 Nxe4 45. Qe3 f5 46. Qe2 Qb6 47.
g4 Ra2 48. gxf5 Rxb2 49. Qe3 Qxe3 50. Rxe3 Nd2 51. Be2 Kg7 52. Rxe5 Kf6 53. f4
Rb4 54. Rd5 Ne4 55. Bd3 Kg7 1/2-1/2

[Event "Chigorin Memorial Open"]
[Site "St Petersburg RUS"]
[Date "2011.10.17"]
[Round "4.70"]
[White "Matsenko, Andrei"]
[Black "Kashlinskaya, Alina"]
[Result "1-0"]
[BlackTitle "WGM"]
[WhiteElo "2116"]
[BlackElo "2385"]
[WhiteFideId "24146501"]
[BlackFideId "4198026"]
[EventDate "2011.10.14"]

1. e4 e5 2. Nf3 Nc6 3. Bb5 a6 4. Ba4 Nf6 5. O-O Be7 6. Re1 b5 7. Bb3 d6 8. c3
O-O 9. h3 Nb8 10. d4 Nbd7 11. Nbd2 Bb7 12. a4 c5 13. Bc2 g6 14. Nf1 d5 15. Bh6
Re8 16. Ng3 exd4 17. cxd4 dxe4 18. Nxe4 c4 19. Ne5 Bb4 20. Bg5 Qb6 21. Nxd7 Nxd7
22. Nc3 Bf8 23. Be4 Bxe4 24. Nxe4 Bg7 25. axb5 Bxd4 26. bxa6 f5 27. Qc2 fxe4 28.
Rxe4 Bxf2+ 29. Kh1 c3 30. bxc3 Kg7 31. Rb4 Qc5 32. Qd2 Nb6 33. Rf1 Rf8 34. Bh6+
Kg8 35. Bxf8 Rxf8 36. a7 Kg7 37. Qb2 Nc4 38. Rxc4 Qxc4 39. Rxf2 1-0

[Event "Chigorin Memorial Open"]
[Site "St Petersburg RUS"]
[Date "2011.10.17"]
[Round "4.71"]
[White "Vlasenko, Miroslav"]
[Black "Androsov, Sergey"]
[Result "1-0"]
[WhiteTitle "IM"]
[WhiteElo "2382"]
[BlackElo "2088"]
[WhiteFideId "4151887"]
[BlackFideId "4102681"]
[EventDate "2011.10.14"]

1. d4 d5 2. Bf4 e6 3. e3 Bd6 4. Bxd6 Qxd6 5. Qg4 Kf8 6. Nc3 Nf6 7. Qh4 a6 8. Nf3
b5 9. g4 b4 10. Na4 Ne4 11. Bd3 Qe7 12. Qxe7+ Kxe7 13. Bxe4 dxe4 14. Nd2 Nd7 15.
Nb3 a5 16. Nbc5 Rb8 17. Rg1 Nxc5 18. Nxc5 Bb7 19. a3 Bd5 20. axb4 axb4 21. Kd2
Ra8 22. Na6 b3 23. Nxc7 Rxa1 24. Nxd5+ exd5 25. Rxa1 bxc2 26. Ra5 h5 27. g5 Rc8
28. Rc5 c1=Q+ 29. Kxc1 Rd8 30. b4 Ke6 31. b5 Rd6 32. Kd2 Kf5 33. Rc6 Rxc6 34.
bxc6 Ke6 35. Kc3 Kd6 36. Kb4 Kxc6 37. Ka5 h4 38. Ka6 f6 39. gxf6 gxf6 40. h3 1-0

[Event "Chigorin Memorial Open"]
[Site "St Petersburg RUS"]
[Date "2011.10.17"]
[Round "4.73"]
[White "Gorozhankina, Julia"]
[Black "Egorov, Dmitry"]
[Result "0-1"]
[WhiteTitle "WFM"]
[BlackTitle "FM"]
[WhiteElo "2140"]
[BlackElo "2353"]
[WhiteFideId "4199650"]
[BlackFideId "4128303"]
[EventDate "2011.10.14"]

1. e4 c6 2. d4 d5 3. exd5 cxd5 4. c4 Nc6 5. Be3 Nf6 6. Nc3 e6 7. Nf3 Be7 8. cxd5
exd5 9. Be2 O-O 10. O-O Ne4 11. Nd2 Nxc3 12. bxc3 Bf6 13. Nb3 b6 14. Bb5 Ne7 15.
Rc1 Bb7 16. Qe2 Rc8 17. Rfd1 Nf5 18. Bf4 Bg5 19. Bxg5 Qxg5 20. Qe5 f6 21. Qe6+
Kh8 22. Rd3 Rc7 23. h4 Nxh4 24. Rg3 Qf5 25. Qe2 Ng6 26. Bd3 Nf4 27. Qf3 Qxd3 28.
Qxf4 Qc4 29. Re1 Qc6 30. Rge3 g5 31. Qh2 Kg7 32. Re6 Qxc3 33. Qd6 Qc6 34. Qg3
Qd7 35. Rd6 Qc8 36. Rde6 Rcf7 37. Qd6 Qb8 38. Qb4 Bc8 39. Rd6 Qb7 40. Qb5 Rd7
41. Rde6 Rff7 42. Qb4 Rc7 43. Re8 Bd7 44. R8e7 Bf5 45. Re8 Qc6 46. Qa3 Rcd7 47.
Qa6 Qb7 48. Qa3 Qc7 49. Ra8 Qd6 50. Rxa7 Qxa3 51. Rxa3 Ra7 52. Rxa7 Rxa7 53. Re2
Bd3 54. Rb2 Bc4 55. Nd2 b5 56. Nxc4 bxc4 57. Kf1 Ra5 58. Ke1 Kg6 59. g4 h5 60.
gxh5+ Kxh5 61. Rb6 f5 62. Rb2 Kg4 63. Re2 f4 64. Re5 c3 65. a4 Kf3 66. Rxg5 Rxa4
67. Kd1 Rxd4+ 68. Kc2 Rc4 0-1